Loading...
| Fine Arts - Visual | 2 | 3 | 0 | 0 | 60 | 34 | 72.00 | 2 | 5 | 0.00 | 0.00 |
| Beliefs | 4 | 1 | 4 | 0 | 50 | 12 | 56.20 | 5 | 5 | 0.00 | 0.00 |
| Literature - European | 2 | 2 | 0 | 0 | 50 | 47 | 73.00 | 4 | 4 | 0.00 | 0.00 |
| Science - Biology | 2 | 2 | 0 | 1 | 50 | 48 | 89.25 | 2 | 3 | 0.00 | 0.00 |
| Science - Physics | 1 | 3 | 0 | 2 | 45 | 46 | 81.75 | 1 | 3 | 0.00 | 0.00 |
| Social Science | 2 | 1 | 0 | 0 | 40 | 44 | 66.33 | 1 | 3 | 0.00 | 0.00 |
| History - American | 1 | 3 | 1 | 0 | 40 | 44 | 70.50 | 2 | 4 | 0.00 | 0.00 |
| Fine Arts - Auditory | 2 | 1 | 0 | 1 | 40 | 44 | 79.33 | 2 | 3 | 0.00 | 0.00 |
| 2 | 1 | 1 | 0 | 35 | 19 | 60.67 | 3 | 3 | 0.00 | 0.00 | |
| Literature - British | 1 | 2 | 1 | 0 | 30 | 70 | 87.00 | 1 | 3 | 0.00 | 0.00 |
| Other Arts: Auditory | 1 | 1 | 0 | 0 | 25 | 41 | 73.00 | 2 | 2 | 0.00 | 0.00 |
| History - European | 1 | 1 | 0 | 0 | 25 | 57 | 70.00 | 1 | 1 | 0.00 | 0.00 |
| Philosophy | 1 | 1 | 0 | 0 | 25 | 68 | 89.00 | 1 | 2 | 0.00 | 0.00 |
| Chemistry> | 0 | 2 | 0 | 0 | 20 | 97 | 114.50 | 1 | 1 | 0.00 | 0.00 |
| Literature - American | 0 | 2 | 0 | 1 | 20 | 69 | 111.50 | 1 | 2 | 0.00 | 0.00 |
| Other Arts: Visual | 1 | 0 | 0 | 0 | 15 | 60 | 60.00 | 1 | 1 | 0.00 | 0.00 |
| Geography | 1 | 0 | 1 | 0 | 10 | 41 | 41.00 | 0 | 1 | 0.00 | 0.00 |
| Religion | 0 | 1 | 0 | 1 | 10 | 151 | 151.00 | 0 | 0 | 0.00 | 0.00 |
| Other Academic | 0 | 1 | 0 | 0 | 10 | 89 | 89.00 | 0 | 1 | 0.00 | 0.00 |
| History - World | 0 | 1 | 0 | 1 | 10 | 115 | 115.00 | 0 | 0 | 0.00 | 0.00 |
| Other Science: Astronomy | 0 | 1 | 0 | 0 | 10 | 70 | 70.00 | 1 | 1 | 0.00 | 0.00 |
| Science - Chemistry | 1 | 0 | 2 | 0 | 5 | 54 | 54.00 | 0 | 1 | 0.00 | 0.00 |
| Current Events | 0 | 0 | 1 | 0 | -5 | 0.00 | 0 | 0 | 0.00 | 0.00 |